Online
Catalog

Historia del reino de Quíto en la América meridional / (Record no. 23139)

MARC details
000 -CABECERA
campo de control de longitud fija 00778nam a2200205 a 4500
001 - NÚMERO DE CONTROL
campo de control 000023643
005 - FECHA Y HORA DE LA ÚLTIMA TRANSACCIÓN
campo de control 20200930022352.0
008 - DATOS DE LONGITUD FIJA--INFORMACIÓN GENERAL
campo de control de longitud fija 101216s1996 ec 000 0 spa d
040 ## - FUENTE DE LA CATALOGACIÓN
Centro catalogador/agencia de origen DO-SdBNP
Lengua de catalogación spa
Centro/agencia transcriptor BNPHU
082 ## - NÚMERO DE LA CLASIFICACIÓN DECIMAL DEWEY
Número de clasificación nn*
Número de documento/Ítem nn*
049 ## - FONDOS LOCALES (OCLC)
Fondos de biblioteca BNGR
100 1# - ENTRADA PRINCIPAL--NOMBRE DE PERSONA
Nombre de persona Velasco, Juan de,
Fechas asociadas al nombre 1727-1792.
9 (RLIN) 3122
245 10 - MENCIÓN DE TÍTULO
Título Historia del reino de Quíto en la América meridional /
Mención de responsabilidad, etc. Juan de Velasco.
260 ## - PUBLICACIÓN, DISTRIBUCIÓN, ETC.
Lugar de publicación, distribución, etc. Quíto :
Nombre del editor, distribuidor, etc. Casa de la Cultura Ecuatoriana "Benjamín Carrión",
Fecha de publicación, distribución, etc. 1996.
300 ## - DESCRIPCIÓN FÍSICA
Extensión v. ;
Dimensiones 21 cm.
490 1# - MENCIÓN DE SERIE
Mención de serie Austral. Biografías y vidas novelescas
Designación de volumen o secuencia 83
505 0# - NOTA DE CONTENIDO CON FORMATO
Nota de contenido con formato Incluye notas y referencias bibliográficas al pie de las páginas.
500 ## - NOTA GENERAL
Nota general La biblioteca sólo posee el volumen 2, parte 2.
830 #0 - PUNTO DE ACCESO ADICIONAL DE SERIE-TÍTULO UNIFORME
Título uniforme Austral ;
Nombre de parte o sección de la obra Biografías y vidas novelescas
Designación de volumen o secuencia 83
9 (RLIN) 42099
Holdings
Estado de retiro Estado de pérdida Restricciones de uso No para préstamo Código de colección Localización permanente Ubicación/localización actual Ubicación en estantería Fecha de adquisición Número de inventario Total de préstamos Signatura topográfica completa Código de barras Fecha visto por última vez Precio válido a partir de Tipo de ítem Koha
        Monografías: Libros y Folletos General General En catalogación 16.12.2010 LF1   nn* nn* 23643-10 25.06.2020 25.06.2020 Préstamo en sala

Powered by Koha